000 00506nam a2200181Ia 4500
005 20250508162638.0
008 008 250505s9999 xx 000 0 eng d
037 _aTextual
040 _aFEDL
_beng
_cFEDL
041 _aeng
_2eng
084 _a320.954, LAW
_qFEDL
100 _aLaw Narendra Nath
245 0 _aAspects of ancient Indian polity
260 _aDelhi, India
_bGian Publishing House
_c1986
300 _axx,228p
942 _cTEXL
_h320.954, LAW
999 _c1377815
_d1377815